000 00334nam a2200145 i 4500
001 bg
245 0 _aChimija rutenija /
_cO.E. Zvjagincev [i in.].
260 _aMoskva,
_c1965.
700 1 _aZvjagincev, O. E.
040 _cBPK
041 _apol
080 _a546.96:54
942 _cKS
008 s pl f |000 0 pol
999 _c27133
_d27133
856 _uhttp://koha.tu.koszalin.pl/cgi-bin/koha/opac-detail.pl?biblionumber=27133
_yKatalog online BPK